| 000 | 00367nam a22001337a 4500 | ||
|---|---|---|---|
| 008 | 241218b |||||||| |||| 00| 0 eng d | ||
| 020 | _a9516486 | ||
| 050 |
_aHD2330 _b.O33 |
||
| 100 | _aOHAKIM, G. Ikedi | ||
| 245 | _aThe Marketing Imperative for Rural Industrialization | ||
| 260 |
_aPort Harcourt _bSunray Publication Ltd. _c1994 |
||
| 300 | _aix, 237p. | ||
| 942 | _cBK | ||
| 999 |
_c1864 _d1864 |
||